|
|
|
|
| LEADER |
00000cas a2200000 c 4500 |
| 001 |
129396869 |
| 003 |
DE-627 |
| 005 |
20230403185906.0 |
| 007 |
tu |
| 008 |
931114c19729999xxkz| p| 0 |0eng c |
| 016 |
7 |
|
|a 011013966
|2 DE-101
|
| 016 |
7 |
|
|a 185821-X
|2 DE-600
|
| 022 |
|
|
|a 0305-5736
|
| 024 |
7 |
|
|a 00386383
|2 swets
|
| 035 |
|
|
|a (DE-627)129396869
|
| 035 |
|
|
|a (DE-576)014780526
|
| 035 |
|
|
|a (DE-599)ZDB185821-X
|
| 035 |
|
|
|a (OCoLC)1367307573
|
| 035 |
|
|
|a (DE-615)00253826
|
| 040 |
|
|
|a DE-627
|b ger
|c DE-627
|e rakwb
|
| 041 |
|
|
|a eng
|
| 044 |
|
|
|c XA-GB
|
| 082 |
0 |
4 |
|a 320
|q DE-600
|
| 084 |
|
|
|a 3,6
|a 7,25
|2 ssgn
|
| 084 |
|
|
|a 89.00
|2 bkl
|
| 084 |
|
|
|a 86.10
|2 bkl
|
| 210 |
1 |
0 |
|a Policy Pol
|
| 210 |
1 |
0 |
|a Policy Polit
|
| 210 |
1 |
0 |
|a Pol and Polit
|
| 245 |
0 |
0 |
|a Policy & politics
|b advancing knowledge in public and social policy
|
| 247 |
1 |
0 |
|a Policy and politics
|f Hauptsacht. anfangs
|
| 264 |
3 |
1 |
|a Bristol
|b Policy Press
|c 1972-
|
| 264 |
2 |
1 |
|a London
|b Macmillan
|c anfangs
|
| 336 |
|
|
|a Text
|b txt
|2 rdacontent
|
| 337 |
|
|
|a ohne Hilfsmittel zu benutzen
|b n
|2 rdamedia
|
| 338 |
|
|
|a Band
|b nc
|2 rdacarrier
|
| 362 |
0 |
|
|a 1.1972/73 -
|
| 363 |
0 |
1 |
|a 1
|i 1972/73
|
| 591 |
|
|
|a 7!zs-Änderung(21-11-02)
|
| 655 |
|
7 |
|a Zeitschrift
|0 (DE-588)4067488-5
|0 (DE-627)10454466X
|0 (DE-576)20917000X
|2 gnd-content
|
| 776 |
1 |
|
|x 1470-8442
|
| 776 |
0 |
8 |
|i Erscheint auch als
|n Online-Ausg.
|t Policy & politics
|d Bristol : Policy Press, 1972
|h Online-Ressource
|w (DE-627)326979093
|w (DE-600)2042153-9
|w (DE-576)094479127
|x 1470-8442
|k Electronic
|
| 936 |
b |
k |
|a 89.00
|j Politologie: Allgemeines
|0 (DE-627)106423576
|
| 936 |
b |
k |
|a 86.10
|j Recht einzelner Länder, Gebiete und Völker
|0 (DE-627)106422499
|
| 951 |
|
|
|a JT
|
| ELC |
|
|
|b 1
|
| LOK |
|
|
|0 000 xxxxxcx a22 zn 4500
|
| LOK |
|
|
|0 001 2770439596
|
| LOK |
|
|
|0 003 DE-627
|
| LOK |
|
|
|0 004 129396869
|
| LOK |
|
|
|0 005 20260316083008
|
| LOK |
|
|
|0 008 131028||||||||||||||||ger|||||||
|
| LOK |
|
|
|0 040
|a DE-21-110
|c DE-627
|d DE-21-110
|
| LOK |
|
|
|0 852
|z Kein Bestand am IfK; Nachweis für KrimDok
|
| LOK |
|
|
|0 852
|a DE-21-110
|
| LOK |
|
|
|0 852 1
|m v
|9 00
|
| LOK |
|
|
|0 935
|a k110
|
| LOK |
|
|
|0 938
|k v
|
| LOK |
|
|
|0 939
|a 2013-10-28
|b l01
|
| ORI |
|
|
|a WA-MARC-krimdoka001.raw
|
| SPR |
|
|
|a 1
|t KRI
|